Динамика развития земельного фонда во Франции и в России; Проблемы геологии и освоения недр; Т. 1

Dades bibliogràfiques
Parent link:Проблемы геологии и освоения недр: труды XXIII Международного симпозиума имени академика М. А. Усова студентов и молодых ученых, посвященного 120-летию со дня рождения академика К. И. Сатпаева, 120-летию со дня рождения профессора К. В. Радугина, Томск, 8-12 апреля 2019 г./ Национальный исследовательский Томский политехнический университет, Инженерная школа природных ресурсов ; гл. ред. А. С. Боев ; под ред. Е. Ю. Пасечник.— , 2019
Т. 1.— 2019.— [С. 499-500]
Autor principal: Калюжный Б. Борис
Autor corporatiu: Национальный исследовательский Томский политехнический университет Институт социально-гуманитарных технологий Кафедра экономики Международная научно-образовательная лаборатория технологий улучшения благополучия пожилых людей, Национальный исследовательский Томский политехнический университет Школа инженерного предпринимательства
Altres autors: Монастырный Е. А. Евгений Александрович (научный руководитель)
Sumari:Заглавие с экрана
Idioma:rus
Publicat: 2019
Col·lecció:Землеустройство, кадастр и мониторинг земель
Мониторинг земель и экология землепользования
Matèries:
Accés en línia:http://earchive.tpu.ru/handle/11683/56158
Format: MixedMaterials Electrònic Capítol de llibre
KOHA link:https://koha.lib.tpu.ru/cgi-bin/koha/opac-detail.pl?biblionumber=629886

MARC

LEADER 00000naa2a2200000 4500
001 629886
005 20231101133601.0
035 |a (RuTPU)RU\TPU\conf\30693 
035 |a RU\TPU\conf\30692 
090 |a 629886 
100 |a 20191003d2019 k y0rusy50 ca 
101 0 |a rus 
102 |a RU 
105 |a y z 100zy 
135 |a drcn ---uucaa 
181 0 |a i  
182 0 |a b 
200 1 |a Динамика развития земельного фонда во Франции и в России  |f Б. Калюжный  |g науч. рук. Е. А. Монастырный 
203 |a Текст  |c электронный 
225 1 |a Землеустройство, кадастр и мониторинг земель 
225 1 |a Мониторинг земель и экология землепользования 
230 |a 1 компьютерный файл (pdf; 297 Kb) 
300 |a Заглавие с экрана 
320 |a [Библиогр.: с. 500 (5 назв.)] 
461 1 |0 (RuTPU)RU\TPU\conf\30471  |t Проблемы геологии и освоения недр  |o труды XXIII Международного симпозиума имени академика М. А. Усова студентов и молодых ученых, посвященного 120-летию со дня рождения академика К. И. Сатпаева, 120-летию со дня рождения профессора К. В. Радугина, Томск, 8-12 апреля 2019 г.  |o в 2 т.  |f Национальный исследовательский Томский политехнический университет, Инженерная школа природных ресурсов ; гл. ред. А. С. Боев ; под ред. Е. Ю. Пасечник  |d 2019 
463 1 |0 (RuTPU)RU\TPU\conf\30473  |t Т. 1  |v [С. 499-500]  |d 2019 
610 1 |a труды учёных ТПУ 
610 1 |a электронный ресурс 
610 1 |a динамика развития 
610 1 |a земельные фонды 
610 1 |a Франция 
610 1 |a Россия 
610 1 |a лесные ресурсы 
700 1 |a Калюжный  |b Б.  |c экономист  |c младший научный сотрудник Томского политехнического университета  |f 1990-  |g Борис  |2 stltpush  |3 (RuTPU)RU\TPU\pers\36369 
702 1 |a Монастырный  |b Е. А.  |c экономист  |c профессор Томского политехнического университета, доктор экономических наук  |f 1954-  |g Евгений Александрович  |2 stltpush  |4 727 
712 0 2 |a Национальный исследовательский Томский политехнический университет  |b Институт социально-гуманитарных технологий  |b Кафедра экономики  |b Международная научно-образовательная лаборатория технологий улучшения благополучия пожилых людей  |h 7381  |2 stltpush  |3 (RuTPU)RU\TPU\col\21257 
712 0 2 |a Национальный исследовательский Томский политехнический университет  |b Школа инженерного предпринимательства  |c (2017- )  |h 7949  |2 stltpush  |3 (RuTPU)RU\TPU\col\23544 
801 2 |a RU  |b 63413507  |c 20191010  |g RCR 
856 4 |u http://earchive.tpu.ru/handle/11683/56158 
942 |c BK